[Event "Graz op-B 19th"]
[Site "Graz"]
[Date "2012.08.30"]
[Round "6"]
[White "Schranz, Martin"]
[Black "Zagorsek, David"]
[Result "0-1"]
[WhiteElo "1716"]
[BlackElo "1598"]
[PlyCount "74"]
[EventDate "2012.08.25"]
[EventType "swiss"]
[EventRounds "9"]
[EventCountry "AUT"]
[SourceTitle "CBM 150 Extra"]
[Source "ChessBase"]
[SourceDate "2012.10.19"]
[SourceVersion "1"]
[SourceVersionDate "2012.10.19"]
[SourceQuality "1"]

1. d4 d5 2. Nf3 Nf6 3. e3 g6 4. c4 c6 5. Nc3 Bg7 6. Be2 0-0 7. 0-0 Bg4 8. cxd5 cxd5 9. Re1 Bxf3 10. Bxf3 e6 11. a4 Nc6 12. b3 Qb6 13. Ba3 Rfc8 14. Bc5 Qa5 15. Na2 e5 16. b4 Qd8 17. b5 Na5 18. dxe5 Nd7 19. Bb4 Bxe5 20. Bxa5 Qxa5 21. Bxd5 Nb6 22. Bxb7 Rd8 23. Qc1 Rab8 24. Bc6 Bxa1 25. Qxa1 Rd2 26. Qe5 Rbd8 27. Nc3 Rd1 28. Rf1 Rxf1+ 29. Kxf1 Nc4 30. Qf6 Rd6 31. Qf4 Qxc3 32. g4 Qd3+ 33. Kg2 Kg7 34. h4 Rf6 35. Be4 Qd6 36. Qg5 Qe5 37. b6 axb6 0-1

[Event "Graz op-B 19th"]
[Site "Graz"]
[Date "2012.08.29"]
[Round "5"]
[White "Schnider, Manuel"]
[Black "Schranz, Martin"]
[Result "1/2-1/2"]
[WhiteElo "1672"]
[BlackElo "1716"]
[PlyCount "57"]
[EventDate "2012.08.25"]
[EventType "swiss"]
[EventRounds "9"]
[EventCountry "AUT"]
[SourceTitle "CBM 150 Extra"]
[Source "ChessBase"]
[SourceDate "2012.10.19"]
[SourceVersion "1"]
[SourceVersionDate "2012.10.19"]
[SourceQuality "1"]

1. d4 Nf6 2. c4 e6 3. Nc3 Bb4 4. Qc2 c5 5. dxc5 0-0 6. a3 Bxc5 7. Nf3 b6 8. Bg5 Bb7 9. e4 h6 10. Bh4 Be7 11. Be2 Nh5 12. Bxe7 Qxe7 13. 0-0 Rd8 14. Rfd1 d6 15. Rd2 Nf6 16. Rad1 Na6 17. Qd3 Nc5 18. Qe3 Ncxe4 19. Nxe4 Bxe4 20. Nd4 Rac8 21. f3 Ba8 22. Nf5 Qf8 23. Nxd6 Rc6 24. Nb5 Rxd2 25. Qxd2 a6 26. Nc3 Rc7 27. Qd6 Qxd6 28. Rxd6 Bc6 29. Bd3 1/2-1/2